Normal view
MARC view
Entry Uniform Title
001 - CONTROL NUMBER
- control field: 46880
003 - CONTROL NUMBER IDENTIFIER
- control field: dpl
005 - DATE AND TIME OF LATEST TRANSACTION
- control field: 20120511104537.0
008 - FIXED-LENGTH DATA ELEMENTS
- fixed length control field: 120511|||a|||||| | ||| d
040 ## - CATALOGING SOURCE
- Original cataloging agency: dpl
- Transcribing agency: dpl
130 ## - HEADING--UNIFORM TITLE
- Uniform title: National biography
670 ## - SOURCE DATA FOUND
- Source citation: Work cat.: (dpl)66142: Deshmukh, Chintamani 46879, Homi Jehangir Bhabha /, 2005
670 ## - SOURCE DATA FOUND
- Source citation: Work cat.: (dpl)66142: Deshmukh, Chintamani 46879, Homi Jehangir Bhabha /, 2005
